| 000 | 01163nac a22003251u 4500 | ||
|---|---|---|---|
| 003 | EG-ScBUE | ||
| 005 | 20220315101733.0 | ||
| 008 | 200219r20022001ii f b 000 0 eng d | ||
| 020 | _a8187570687 | ||
| 020 | _a9788187570684 | ||
| 035 | _a(OCoLC)806957 | ||
| 040 |
_aEG-ScBUE _beng _erda _cEG-ScBUE _dEG-ScBUE |
||
| 082 | 0 | 4 |
_a892.709 _bHUA _222 |
| 100 | 1 |
_aHuart, Clément, _d1854-1926, _eauthor. |
|
| 245 | 1 | 2 |
_aA history of Arabic literature / _cby Clement Huart, secretary-interpreter for oriental languages to the French government and professor at the Ecole des Langues Orientales in Paris. |
| 250 | _aReprint edition. | ||
| 264 | 1 |
_aNew Delhi : _bGoodword Books, _c2002. |
|
| 300 |
_avii, 478 pages ; _c20 cm. |
||
| 336 |
_2rdacontent _atext _btxt |
||
| 337 |
_2rdamedia _aunmediated _bn |
||
| 338 |
_2rdacarrier _avolume _bnc |
||
| 490 | 0 |
_aKhayats oriental reprint _vno. 20 |
|
| 500 | _adistributer: Al-Ahram | ||
| 504 | _aIncludes bibliographical references. | ||
| 650 | 7 |
_aArabic literature _xHistory and criticism. _2BUEsh |
|
| 651 | _2BUEsh | ||
| 653 |
_bHHUUEENN _cMarch2022 |
||
| 655 |
_vReading book _934232 |
||
| 942 |
_cBB _2ddc |
||
| 999 |
_c5333 _d5333 |
||